Ben de varım! (Record no. 5953)

MARC details
000 -BAŞLIK
Sabit Uzunlukta Kontrol Alanı 00903na a2200265 4500
001 - KONTROL NUMARASI
Denetim Alanı 19062
003 - KONTROL NUMARASI IDENTIFIER
Denetim Alanı MIRAKIL
005 - SON İŞLEM TARİHİ VE ZAMANI
Denetim Alanı 20181213155052.0
008 - SABİT-BOY VERİ ELEMANLARI - GENEL BİLGİLER
Sabit Uzunlukta Kontrol Alanı 170112b tu 000 0
020 ## - ULUSLARARASI STANDART KİTAP NUMARASI
Uluslararası Standart Kitap Numarası 9789944937047
035 ## - SİSTEM KONTROL NUMARASI
Sistem Kontrol Numarası 19062
040 ## - KATALOGLAMA KAYNAK
Orijinal Kataloglama Ajansı Milas
Kataloglama Dili tur
Metne Dönüştürmek Ajansı TR-AnCHP
041 ## - DİL KODU
Metin / Ses Parça Veya Ayrı Başlığın Dil Kodu tur
082 ## - DEWEY ONLU SINIFLANDIRMA NUMARASI
Sınıflandırma Numarası 305.23509561
Ürün Numarası B35 2011
090 ## - SINIFLAMA NUMARASI
Sınıflama Numarası 305.23509561 B35 2011
245 ## - BAŞLIK TABLOSU
Başlık Ben de varım!
Sorumluluk Tablosu, Vb hazırlayan: Alternatif Politikalar Merkezi ; editör: Salim Ezer.
260 ## - YAYIN, DAĞITIM, VB
Yayın, Dağıtım, Vb Yeri Ankara
Yayıncı, Dağıtıcı, Vs Adı Alternatif Politikalar Merkezi
Yayın, Dağıtım, Vb Tarihi 2011
300 ## - FİZİKSEL TANIM
Kapsam 103 s.
Diğer Fiziksel Ayrıntıları grf.,tbl.,şkl.;
Boyutlar 24 sm.
500 ## - GENEL NOT
Genel Not Dış kapakta yapıt adı: Türkiye'de üniversiteli gençlik "ben de varım!" projesi sonuç raporu
650 ## - KONU KATMA GİRİŞ - TOPİKAL DÖNEM
Topikal Süreli Veya Coğrafi Ad Giriş Elemanı Genç yetişkinler
Genel Alt Bölümü Üniversiteliler
Coğrafi Alt Bölümü Türkiye
650 ## - KONU KATMA GİRİŞ - TOPİKAL DÖNEM
Topikal Süreli Veya Coğrafi Ad Giriş Elemanı Gençlik
Genel Alt Bölümü Siyasal katılım
Coğrafi Alt Bölümü Türkiye
700 ## - KATMA GİRİŞ - KİŞİSEL İSİM
Kişisel Ad Ezer, Salim
710 ## - KATMA GİRİŞ - KURUMSAL ADI
Giriş Elemanı Olarak Kurumsal Ad Veya Yargı Alanı Adı Alternatif Politikalar Merkezi
942 ## - EKLENDİ GİRİŞ ELEMANLARI (KOHA)
Sınıflandırma Veya Raf Düzeni Kaynak
Koha Öğesi Türü Books
999 ## - SİSTEM KONTROL NUMARALARI (KOHA)
Koha Biblionumber 5953
Koha Biblioitemnumber 5953
Holdings
Kalıcı Konum Mevcut Konum Edinme Tarihi Edinim Kaynak Toplam Check-Out'Lar Tam Çağrı Numarası Barkod Tarih Son Görülme İtibaren Geçerli Fiyatlar Koha Öğesi Türü Kopya Sayısı
CHP Kütüphanesi CHP Kütüphanesi 12/07/2016 Bağış   305.23509561 B35 2011 010202 12/07/2016 12/07/2016 Books  
CHP Kütüphanesi CHP Kütüphanesi 12/07/2016 Bağış   305.23509561 B35 2011 010203 12/07/2016 12/07/2016 Books k.2